Europe East and West

Guardado en:
Detalles Bibliográficos
Autor principal: Davies, Norman
Formato: Libro
Lenguaje:inglés
Publicado: London Pimlico 2007
Colección:PIMLICO 798
Materias:
Etiquetas: Agregar Etiqueta
Sin Etiquetas, Sea el primero en etiquetar este registro!

MARC

LEADER 00000nam$a2200000$$$4500
001 0113578
005 20240312115624.4
020 |a 978-0-712-60950-0 
041 0 |a eng 
044 |a GB 
245 1 0 |a Europe East and West  |c Norman Davies 
264 1 |a London  |b Pimlico  |c 2007 
300 |a 336 s. 
490 1 |a PIMLICO  |v 798 
830 0 |a PIMLICO  |v 798 
610 2 0 |a dejiny 
610 2 0 |a história 
610 2 0 |a vývoj spoločenský 
610 2 0 |a civilizácia 
610 2 0 |a jazyk štátny 
610 2 0 |a literatúra 
610 2 0 |a politika 
610 2 0 |a náboženstvo 
610 2 0 |a Európa 
610 2 0 |a východná Európa 
610 2 0 |a západná Európa 
100 1 |a Davies, Norman